| 000 | 01383nam a2200313 i 4500 | ||
|---|---|---|---|
| 003 | EG-ScBUE | ||
| 005 | 20231213141553.0 | ||
| 008 | 100805s1988 u f b 000 0 ara d | ||
| 017 | _a88 / 2106 | ||
| 020 | _a9771470825 | ||
| 040 |
_aEG-ScBUE _bara _erda _cEG-ScBUE _dEG-ScBUE |
||
| 043 | _aa-ir--- | ||
| 082 | 0 | 4 |
_222 _a955.0542 _bش ت ا |
| 100 | 1 |
_aشتا، إبراهيم الدسوقي، _eمؤلف. |
|
| 245 | 1 | 2 |
_aالثورة الإيرانية : _bالجذور، الأيديولوجية / _cالدكتور إبراهيم الدسوقي شتا. |
| 250 | _aالطبعة الثانية. | ||
| 264 | 1 |
_aالقاهرة : _bالزهراء للإعلام العربي، _c1988. |
|
| 300 |
_a338 صفحة ؛ _c24 سم |
||
| 336 |
_2rdacontent _aنص _btxt |
||
| 337 |
_aبدون وسيط _2rdamedia _bn |
||
| 338 |
_aمجلد _bnc _2rdacarrier |
||
| 504 | _aيشتمل على إرجاعات ببليوجرافية. | ||
| 541 |
_a??? ??? ? _c???? ? |
||
| 651 | 7 |
_2BUEsh _aإيران _xتاريخ _yالعصر الحديث _yمحمد رضا شاه بهلوي (1943-1979). |
|
| 651 | 7 |
_2BUEsh _aإيران _xتاريخ _yالعصر الحديث _yالثورة الإسلامية. |
|
| 651 | 7 |
_2BUEsh _aإيران _xأحوال سياسية _yالعصر الحديث _yالثورة الإسلامية. |
|
| 655 | _vReading book | ||
| 942 |
_2ddc _cBB |
||
| 999 |
_c14631 _d14631 |
||